|
|
|
|
| LEADER |
02461nam a2200601 a 4500 |
| 001 |
nkc20142569369 |
| 003 |
CZ PrNK |
| 005 |
20140410095528.0 |
| 007 |
ta |
| 008 |
140227s2013 xr f 001 0 cze |
| 015 |
|
|
|a cnb002569369
|
| 020 |
|
|
|a 978-80-7414-680-0
|q (brož.)
|
| 035 |
|
|
|a (OCoLC)876342919
|
| 040 |
|
|
|a OLA001
|b cze
|
| 041 |
0 |
|
|a cze
|b eng
|
| 072 |
|
7 |
|a 37
|x Výchova a vzdělávání
|2 Konspekt
|9 22
|
| 080 |
|
|
|a 376
|2 MRF
|
| 080 |
|
|
|a 37.043.2
|2 MRF
|
| 080 |
|
|
|a 37.091.4
|2 MRF
|
| 080 |
|
|
|a (437.3)
|2 MRF
|
| 080 |
|
|
|a (73)
|2 MRF
|
| 080 |
|
|
|a (048.8)
|2 MRF
|
| 100 |
1 |
|
|a Zilcher, Ladislav
|7 ola2014810475
|4 aut
|
| 245 |
1 |
0 |
|a Analýza používaných inkluzivně didaktických strategií v ČR a USA /
|c Ladislav Zilcher
|
| 260 |
|
|
|a Ústí nad Labem :
|b Univerzita Jana Evangelisty Purkyně v Ústí nad Labem,
|c 2013
|
| 300 |
|
|
|a 164 s. ;
|c 21 cm
|
| 490 |
1 |
|
|a Monografie
|
| 500 |
|
|
|a 200 výt.
|
| 504 |
|
|
|a Obsahuje bibliografii, bibliografické odkazy a rejstřík
|
| 546 |
|
|
|a Anglické resumé
|
| 650 |
0 |
7 |
|a speciální pedagogika
|7 ph116230
|2 czenas
|
| 650 |
0 |
7 |
|a integrovaná výchova a vzdělávání
|7 ph121132
|2 czenas
|
| 650 |
0 |
7 |
|a integrovaná výchova a vzdělávání
|7 ph121132
|z Česko
|2 czenas
|
| 650 |
0 |
7 |
|a integrovaná výchova a vzdělávání
|7 ph121132
|z Spojené státy americké
|2 czenas
|
| 650 |
0 |
7 |
|a vzdělávací systémy
|7 ph127310
|z Česko
|2 czenas
|
| 650 |
0 |
7 |
|a vzdělávací systémy
|7 ph127310
|z Spojené státy americké
|2 czenas
|
| 650 |
0 |
9 |
|a special education
|2 eczenas
|
| 650 |
0 |
9 |
|a integrated education
|2 eczenas
|
| 650 |
0 |
9 |
|a integrated education
|z Czechia
|2 eczenas
|
| 650 |
0 |
9 |
|a integrated education
|z United States
|2 eczenas
|
| 650 |
0 |
9 |
|a educational systems
|z Czechia
|2 eczenas
|
| 650 |
0 |
9 |
|a educational systems
|z United States
|2 eczenas
|
| 655 |
|
7 |
|a monografie
|7 fd132842
|2 czenas
|
| 655 |
|
9 |
|a monographs
|2 eczenas
|
| 810 |
2 |
|
|a Univerzita J.E. Purkyně v Ústí nad Labem.
|t Monografie
|0 s
|
| 910 |
2 |
|
|a BOA001
|b 2-1322.739
|
| 928 |
9 |
|
|a Univerzita J.E. Purkyně v Ústí nad Labem
|
| 990 |
|
|
|a BK
|
| 995 |
|
|
|a 01
|
| 991 |
|
|
|b 201403
|c NOV
|e n
|
| 996 |
6 |
|
|b 2610584211
|c 2-1322.739
|l MZK
|r Sklad / do 1 hodiny
|n 1
|p p.v.
|w 001405782
|u 000010
|a 1
|e BOA001
|j MZK50
|s P
|
| 996 |
7 |
|
|b 2610587831
|c 2-1322.739
|l Vol.výběr
|r VV 0p
|n 0
|p dar
|h 376 ZIL
|w 001405782
|u 000020
|a 0
|e BOA001
|j MZK50
|s A
|
| 996 |
7 |
|
|b 2610587832
|c 2-1322.739
|l Vol.výběr
|r VV 0p
|n 22
|p dar
|h 376 ZIL
|w 001405782
|u 000030
|a 0
|e BOA001
|j MZK50
|s A
|